| LEADER | 00935nam a2200217 a 4500 | ||
|---|---|---|---|
| 001 | GR-MES7872 | ||
| 008 | 010503s1997 gr 000 0 gre d | ||
| 020 | |a 9602862629 | ||
| 040 | |a GrPaTEI |b gre |c GR-PaULI | ||
| 040 | |a GrPaTEI |b gre |c GR-PaULI | ||
| 245 | 0 | 2 | |a Ο Κωνσταντίνος Μάνος και το γλωσσικό ζήτημα / |c Νικόλαος Ε.Παπαδογιαννάκης. |
| 260 | |a Αθήνα : |b Ελλην, |c 1997 | ||
| 300 | |a 231 σελ. | ||
| 500 | |a Ευρετήριο σελ.(221-225) | ||
| 504 | |a Βιβλιογραφία σελ.(215-219) | ||
| 650 | 4 | |a Βιογραφία | |
| 700 | 1 | |a ΠΑΠΑΔΟΓΙΑΝΝΑΚΗΣ, Ν. | |
| 942 | |2 ddc | ||
| 952 | |0 0 |1 0 |2 ddc |4 0 |6 920_000000000000000_ΠΑΠ |7 0 |9 278250 |a MSLG |b MSLG |c BSC |d 2021-01-17 |e 24 |f 0 |g 0.00 |l 0 |o 920 ΠΑΠ |p 2420000009166 |r 2021-01-17 00:00:00 |t 1 |w 2021-01-17 |y BK15 |x 20010503 0 1 |x GrPaTEI | ||
| 971 | |a .b25863423 |b 16-04-20 |c 14-09-16 | ||
| 999 | |c 161843 |d 161843 | ||